| 000 | 00800naa a2200205 i 4500 | ||
|---|---|---|---|
| 001 | 1001 | ||
| 003 | KOSZ 005 | ||
| 005 | 20180221122756.0 | ||
| 008 | s pl f |000 pol | ||
| 040 | _cKOSZ 005 | ||
| 041 | _aeng | ||
| 100 | 1 |
_aBANASZAK, Zbigniew. _d2003 - . _bPolitechnika Koszalińska - Wydział Elektroniki i Informatyki, _cKatedra Telekomunikacji |
|
| 245 | 1 | 0 |
_aCLP-based project-driven manufacturing / _cZ. Banaszak, M. Zaremba. |
| 260 | _c2004. | ||
| 500 | _aDane z bibliografii załącznikowej. | ||
| 655 | 0 | _aMateriały konferencyjne. | |
| 711 |
_aSymposium on Cost Oriented Automation _n(7 ; _d2004.06.6-9 ; _cGatineau, Quebec, Kanada). |
||
| 773 | 0 |
_iW : _tPrep. of the 7th FAC Symposium on Cost Oriented Automation. - _d2004. - _gs. 269-274 |
|
| 942 |
_cROZ _2UKD |
||
| 999 |
_c1001 _d1001 |
||